| 000 | 00534nam a2200181 4500 | ||
|---|---|---|---|
| 001 | 107624 | ||
| 003 | ES-MaACL | ||
| 005 | 20230906184446.0 | ||
| 007 | t| | ||
| 008 | 061121s1980 sp r ||||1| cat d | ||
| 100 | 1 |
_aMorell, Andrés. _983244 |
|
| 245 | 1 | 0 |
_aOliba de la foscúria / _cAndreu Morell; próleg d' Emili Rodríguez-Bernabeu. |
| 250 | _a1.ª ed. | ||
| 260 |
_aValencia : _bEliseu Climent, _c1980. |
||
| 300 |
_a64 p. ; _c20. |
||
| 700 | 1 |
_aRodríguez-Bernabéu, Emili. _998381 |
|
| 852 |
_aES-MaACL _jA-10922 _bR.100309 |
||
| 999 |
_c107624 _d107624 |
||